000 01094nam a2200229Ia 4500
999 _c56217
_d56217
001 23318
003 GE_BSU
005 20210223153246.0
008 181216s1987||||ge |||||||||||||| ||geo||
040 _cGE_BSU
041 _ageo
080 _a94(4)"1918-1945
100 _aნანიტაშვილი, ნიკოლოზ
_910207
245 _aევროპისა და ამერიკის ქვეყნების უახლესი ისტორია, 1918-1945 წწ. :
_bნაწ. 1.
_cნიკოლოზ ნანიტაშვილი, რედ. ზ. მოლაშხია.
250 _aმე-2 გადამუშ. გამოც.
264 _aთბილისი :
_bგანათლება,
_c1987.
300 _a533 გვ.
_b22 სმ.
653 _aევროპის ქვეყნების უახლესი ისტორია
653 _aამერიკის ქვეყნების უახლესი ისტორია
700 _aმოლაშხია, ზ.
_93877
942 _cBK
_2udc